LEADER 00857nam0-22003011i-450- 001 990005597200403321 005 20061128111956.0 010 $a071481606X 035 $a000559720 035 $aFED01000559720 035 $a(Aleph)000559720FED01 035 $a000559720 100 $a19990604d1974----km-y0itay50------ba 101 0 $aita 105 $aa-------00--- 200 1 $a<>triumph of Art Nouveau$eParis Exhibition 1900$fPhilippe Jullian 210 $aLondon$cPhaidon$dc1974 215 $a216 p.$cill.$d25 cm 610 0 $aArt Nouveau 676 $a709.0349$v21$zita 700 1$aJullian,$bPhilippe$f<1921-1977>$0164891 801 0$aIT$bUNINA$gRICA$2UNIMARC 901 $aBK 912 $a990005597200403321 952 $a709.034 JUL 1$bST. ARTE 11858$fFLFBC 959 $aFLFBC 996 $aTriumph of Art Nouveau$9608679 997 $aUNINA LEADER 01458nas 2200373 n 450 001 990009019510403321 005 20240229084535.0 011 $a1375-5153 035 $a000901951 035 $aFED01000901951 035 $a(Aleph)000901951FED01 035 $a000901951 091 $2CNR$aP 00232300 100 $a20161109a19939999km-y0itaa50------ba 101 0 $amul 102 $aBE 110 $aauu-------- 200 1 $aOrbis Supplementa 207 1$a1993- 210 $aLeuven;Paris$cPeeters 422 0$1001000901949$12001$aOrbis : Bulletin international de documentation linguistique 530 0 $aOrbis Supplementa 531 $aORB. SUPPL. 675 $a800.87 801 0$aIT$bACNP$c20090723 859 4 $uhttp://acnp.cib.unibo.it/cgi-ser/start/it/cnr/dc-p1.tcl?catno=2166693&person=false&language=ITALIANO&libr=&libr_th=unina1$zBiblioteche che possiedono il periodico 901 $aSE 912 $a990009019510403321 958 $aBRAU. Biblioteca di Ricerca di Area Umanistica$b1993-$eBELGIO 18$fFLFBC 959 $aFLFBC 996 $aOrbis Supplementa$9790113 997 $aUNINA AP1 8 $6866-01$aNA072 BRAU. Biblioteca di Ricerca di Area Umanistica$bBELGIO 18$ePiazza Bellini 56/60, 80133 Napoli (NA)$m(081) 2533948$nit AP2 40$aacnp.cib.unibo.it$nACNP Italian Union Catalogue of Serials$uhttp://acnp.cib.unibo.it/cgi-ser/start/it/cnr/df-p.tcl?catno=2166693&language=ITALIANO&libr=&person=&B=1&libr_th=unina&proposto=NO LEADER 03424nam 22005775 450 001 9910300437803321 005 20251113175024.0 010 $a3-319-69336-0 024 7 $a10.1007/978-3-319-69336-1 035 $a(CKB)4100000001795034 035 $a(DE-He213)978-3-319-69336-1 035 $a(MiAaPQ)EBC5228504 035 $a(PPN)223956716 035 $a(EXLCZ)994100000001795034 100 $a20180117d2018 u| 0 101 0 $aeng 135 $aurnn|008mamaa 181 $ctxt$2rdacontent 182 $cc$2rdamedia 183 $acr$2rdacarrier 200 10$aAcademic Theories of Generation in the Renaissance $eThe Contemporaries and Successors of Jean Fernel (1497-1558) /$fby Linda Deer Richardson ; edited by Benjamin Goldberg 205 $a1st ed. 2018. 210 1$aCham :$cSpringer International Publishing :$cImprint: Springer,$d2018. 215 $a1 online resource (XXXI, 301 p. 11 illus.) 225 1 $aHistory, Philosophy and Theory of the Life Sciences,$x2211-1956 ;$v22 311 08$a3-319-69334-4 320 $aIncludes bibliographical references. 330 $aThis volume deals with philosophically grounded theories of animal generation as found in two different traditions: one, deriving primarily from Aristotelian natural philosophy and specifically from his Generation of Animals; and another, deriving from two related medical traditions, the Hippocratic and the Galenic. The book contains a classification and critique of works that touch on the history of embryology and animal generation written before 1980. It also contains translations of key sections of the works on which it is focused. It looks at two different scholarly communities: the physicians (medici) and philosophers (philosophi), that share a set of textual resources and philosophical lineages, as well as a shared problem (explaining animal generation), but that nevertheless have different concerns and commitments. The book demonstrates how those working in these two traditions not only shared a common philosophical background in the arts curricula of the universities,but were in constant intercourse with each other. This book presents a test case of how scholarly communities differentiate themselves from each other through methods of argument, empirical investigation, and textual interpretations. It is all the more interesting because the two communities under investigation have so much in common and yet, in the end, are distinct in a number of important ways. 410 0$aHistory, Philosophy and Theory of the Life Sciences,$x2211-1956 ;$v22 606 $aMedicine$xHistory 606 $aMedicine$xPhilosophy 606 $aMedical education 606 $aHistory of Medicine 606 $aPhilosophy of Medicine 606 $aMedical Education 615 0$aMedicine$xHistory. 615 0$aMedicine$xPhilosophy. 615 0$aMedical education. 615 14$aHistory of Medicine. 615 24$aPhilosophy of Medicine. 615 24$aMedical Education. 676 $a940.21 700 $aDeer Richardson$b Linda$4aut$4http://id.loc.gov/vocabulary/relators/aut$0917413 702 $aGoldberg$b Benjamin$4edt$4http://id.loc.gov/vocabulary/relators/edt 801 0$bMiAaPQ 801 1$bMiAaPQ 801 2$bMiAaPQ 906 $aBOOK 912 $a9910300437803321 996 $aAcademic Theories of Generation in the Renaissance$92057012 997 $aUNINA